|
|
|
|
| LEADER |
01578nam a2200277 a 4500 |
| 001 |
GR-MES9367 |
| 008 |
050608s2002 gr b 000 0 gre|c |
| 020 |
|
|
|a 9608105390
|
| 040 |
|
|
|a GrPaTEI
|b gre
|c GR-PaULI
|
| 082 |
|
0 |
|a 005.369
|2 21
|
| 245 |
0 |
0 |
|a Αυτοματισμός γραφείου με το ελληνικό Microsoft Office 2000 /
|c Κ. Αντωνακόπουλος ... [κ.ά].
|
| 260 |
|
|
|a Αθήνα :
|b Εκδόσεις Νέων Τεχνολογιών,
|c 2002.
|
| 300 |
|
|
|a 543 σ. :
|b εικ. ;
|c 24 εκ.
|
| 500 |
|
|
|a Πιστοποιημένη εκπαιδευτική ύλη ECDL.
|
| 504 |
|
|
|a Περιέχει βιβλιογραφία.
|
| 505 |
0 |
|
|a Ενότητα 3. Λογιστικά Φύλλα -- Ενότητα 4. Επεξεργασία Κειμένου -- Ενότητα 5. Βάσεις Δεδομένων -- Ενότητα 6. Παρουσιάσεις.
|
| 630 |
0 |
0 |
|a Microsoft Access
|
| 650 |
|
0 |
|a Business
|x Computer programs.
|
| 650 |
|
0 |
|a European Computer Driving Licence.
|
| 650 |
|
0 |
|a Microsoft Office.
|
| 700 |
1 |
|
|a Αντωνακόπουλος, Κώστας.
|
| 942 |
|
|
|2 ddc
|
| 952 |
|
|
|0 0
|1 0
|2 ddc
|4 0
|6 005_369000000000000_AYT
|7 0
|9 279730
|a MSLG
|b MSLG
|c BSC
|d 2021-01-17
|e 24
|f 0
|g 0.00
|l 0
|o 005.369 AYT
|p 2420000019383
|r 2021-01-17 00:00:00
|t 1
|w 2021-01-17
|y BK15
|x 20050608 0 1
|x GrPaTEI
|
| 952 |
|
|
|0 0
|1 0
|2 ddc
|4 0
|6 005_369000000000000_AYT
|7 0
|9 279731
|a MSLG
|b MSLG
|c BSC
|d 2021-01-17
|e 24
|f 0
|g 0.00
|l 0
|o 005.369 AYT
|p 2420000019384
|r 2021-01-17 00:00:00
|t 1
|w 2021-01-17
|y BK15
|x 20061005 0 1
|x GrPaTEI
|
| 971 |
|
|
|a .b25878384
|b 16-04-20
|c 14-09-16
|
| 999 |
|
|
|c 163009
|d 163009
|